| 000 | 01227nam a2200289 i 4500 | ||
|---|---|---|---|
| 003 | DO-SdBNP | ||
| 005 | 20250529125631.0 | ||
| 007 | ta | ||
| 008 | 250529b2024 dr ac||b |||| 00| 0 spa d | ||
| 020 | _a9789945801682 | ||
| 040 |
_aDO-SdBNP _bspa _cBNPHU _erda |
||
| 082 |
_axxx _bE77 |
||
| 100 | 1 |
_aEsquea, Rosa Francia _eautora _4aut. _98306 |
|
| 245 | 0 | 3 |
_aEl cumpleaños de Tomás Tomatico / _cRosa Francia Esquea, Verouschka Freixas |
| 264 |
_aSanto Domingo : _bEdiciones Unicaribe, _bEditora Búho, _c2024. |
||
| 300 |
_a26 páginas : _bilustraciones, retratos _c20 cm. |
||
| 336 |
_atexto _btxt _2rdacontent |
||
| 337 |
_asin mediación _bn _2rdamedia |
||
| 338 |
_avolumen _bnc _2rdacarrier |
||
| 500 | _aIncluye datos biografícos de las autoras en la página 28. | ||
| 520 | _aEl cumpleaños de Tomás tomatico es un libro-álbum lleno de amor y alegría, descrito poéticamente por Rosa Francia Esquea e ilustrado por Verouschka Freixas que refleja la inmensa ilusión que siente un niño ante la llegada del día más esperado del año, su cumpleaños. | ||
| 521 | _ainfantil | ||
| 590 | _aInventariado, 2025/ YL | ||
| 700 | 1 |
_aFreixas, Verouschka _eautora _4aut. _972255 |
|
| 910 | _aYLockward | ||
| 942 |
_2ddc _cLF2 |
||
| 999 |
_c58658 _d58658 |
||